000 00626nam a22002177a 4500
003 UA-OsUOA
001 131965
007 ta
008 20180625b un ||||| |||| 00| 0 ukr d
100 _aКучеренко І.
090 _a81
_bК95
942 _cSA
040 _aUA-OsUOA
_bukr
_cUA-OsUOA
_dUA-OsUOA
245 _aТехнологічний аспект вивчення української мови
300 _aС.2-8
955 _a0
041 _aukr
080 _a81
773 0 _w131964
650 7 _a8 Мовознавство. Художня література. Літературознавство
_2UDC
999 _c420445
_d420445